[Event "44.Semif. C. ITA Magistrale"]
[Site "Salsomaggiore Terme ITA"]
[Date "1984.02.25"]
[Round "2.8"]
[White "Bonugli, Carlo"]
[Black "Iudicello, Marco"]
[Result "1-0"]
[WhiteElo "1921"]
[BlackElo "1973"]
[Annotator "Gabriele Ballarin"]
[PlyCount "125"]
[EventDate "1984.11.24"]
[EventType "swiss"]
[EventRounds "9"]
[EventCountry "ITA"]

1. e4 e5 2. Nf3 Nf6 3. Nxe5 d6 4. Nf3 Nxe4 5. d4 d5 6. Bd3 Be7 7. O-O Nd7 8. c4 Ndf6 9. cxd5 Qxd5 10. Nc3 Nxc3 11. bxc3 O-O 12. Re1 Re8 13. Ne5 Qa5 14. Bd2 c6 15. Bc4 Nd5 16. Nxf7 Kxf7 17. Qh5+ Kf8 18. Re3 Bd7 19. Qxh7 Bf6 20. Rf3 Be6 21. Bg5 Qd8 22. Qg6 Bf7 23. Bxf6 gxf6 24. Qh7 Re6 25. Rg3 Ke7 26. Rg7 Qf8 27. Bd3 Nf4 28. Bc4 Nh5 29. Rg4 Qh8 30. Qxh8 Rxh8 31. Bxe6 Kxe6 32. Re1+ Kd7 33. Rh4 Rg8 34. Rhe4 Re8 35. g4 Nf4 36. Rxe8 Bxe8 37. h4 Ne6 38. Kg2 Bf7 39. Kg3 b5 40. f4 a5 41. f5 Nc7 42. g5 fxg5 43. hxg5 Bxa2 44. Ra1 Bc4 45. Rxa5 Nd5 46. Ra7+ Ke8 47. Ra3 Bd3 48. f6 Nxf6 49. gxf6 Kf7 50. Ra6 Kxf6 51. Rxc6+ Kf5 52. Rc5+ Ke6 53. Kf4 Kd6 54. Rc8 Kd7 55. Rh8 Kd6 56. Rh5 Be2 57. Re5 Bd3 58. Ke3 Bf1 59. Kd2 Bc4 60. Kc2 Bf1 61. Kb2 Bd3 62. Ka3 Bf1 63. Rc5 1-0

[Event "44.Semif. C. ITA Magistrale"]
[Site "Salsomaggiore Terme ITA"]
[Date "1984.02.25"]
[Round "2.9"]
[White "Cordara, Michele"]
[Black "Colombo, Paolo"]
[Result "1/2-1/2"]
[WhiteElo "2143"]
[BlackElo "2022"]
[Annotator "Gabriele Ballarin"]
[PlyCount "27"]
[EventDate "1984.11.24"]
[EventType "swiss"]
[EventRounds "9"]
[EventCountry "ITA"]

1. d4 Nf6 2. Bg5 Ne4 3. Bf4 e6 4. f3 Bd6 5. Bxd6 Nxd6 6. e4 O-O 7. Qd2 b6 8. Nh3 Qe7 9. Be2 Ba6 10. O-O f5 11. Bxa6 Nxa6 12. Qe2 Nb4 13. c3 Nc6 14. Nd2 1/2-1/2

[Event "44.Semif. C. ITA Magistrale"]
[Site "Salsomaggiore Terme ITA"]
[Date "1984.02.25"]
[Round "2.10"]
[White "Rupeni, Franco"]
[Black "Gallo, Enrico"]
[Result "1/2-1/2"]
[WhiteElo "2201"]
[BlackElo "2046"]
[Annotator "Gabriele Ballarin"]
[PlyCount "44"]
[EventDate "1984.11.24"]
[EventType "swiss"]
[EventRounds "9"]
[EventCountry "ITA"]

1. Nf3 Nf6 2. b3 g6 3. Bb2 Bg7 4. c4 c5 5. Nc3 O-O 6. e3 Nc6 7. Be2 d5 8. Nxd5 Nxd5 9. Bxg7 Nxe3 10. fxe3 Kxg7 11. O-O e5 12. Qc2 f5 13. d3 Qf6 14. Qb2 Be6 15. g4 e4 16. Qxf6+ Rxf6 17. g5 Rf7 18. dxe4 fxe4 19. Nd2 Bf5 20. Rf4 Re8 21. h4 Rd7 22. Nf1 Nb4 1/2-1/2

[Event "44.Semif. C. ITA Magistrale"]
[Site "Salsomaggiore Terme ITA"]
[Date "1984.02.25"]
[Round "2.11"]
[White "Cerchiari, Fulvio Andrea"]
[Black "Catracchia, Mauro"]
[Result "1-0"]
[WhiteElo "2040"]
[BlackElo "1900"]
[Annotator "Gabriele Ballarin"]
[PlyCount "97"]
[EventDate "1984.11.24"]
[EventType "swiss"]
[EventRounds "9"]
[EventCountry "ITA"]

1. d4 Nf6 2. Nf3 g6 3. Bf4 Bg7 4. e3 c5 5. c3 b6 6. h3 Bb7 7. Nbd2 O-O 8. Be2 Nc6 9. O-O Rc8 10. Bh2 d6 11. dxc5 bxc5 12. e4 d5 13. exd5 Nxd5 14. Qc2 e5 15. Ne4 Qe7 16. Rad1 Rcd8 17. Qb3 Nb8 18. Nfd2 Kh8 19. Qa3 Nd7 20. Qxa7 Bc6 21. Qa6 N7b6 22. Qd3 Nf6 23. Qc2 Nxe4 24. Nxe4 f5 25. Nd2 Ra8 26. Nc4 Qg5 27. f3 Nd5 28. b3 e4 29. f4 Qf6 30. Rxd5 Bxd5 31. Ne5 Rfd8 32. Bg3 e3 33. c4 Be4 34. Qc3 Rxa2 35. Qxe3 Rdd2 36. Re1 Qe7 37. Bf3 Bxe5 38. fxe5 Bxf3 39. Qxf3 Rxg2+ 40. Qxg2 Rxg2+ 41. Kxg2 Qb7+ 42. Kh2 Qf3 43. Bh4 Qa8 44. Bf6+ Kg8 45. Rd1 Qb8 46. Rd8+ Qxd8 47. Bxd8 Kf7 48. h4 Ke8 49. Bf6 1-0

[Event "44.Semif. C. ITA Magistrale"]
[Site "Salsomaggiore Terme ITA"]
[Date "1984.02.25"]
[Round "2.12"]
[White "Bolsi, Massimo"]
[Black "Rodella, Franco"]
[Result "1-0"]
[WhiteElo "1999"]
[BlackElo "1910"]
[Annotator "Gabriele Ballarin"]
[PlyCount "93"]
[EventDate "1984.11.24"]
[EventType "swiss"]
[EventRounds "9"]
[EventCountry "ITA"]

1. e4 c6 2. c4 g6 3. Nc3 Bg7 4. d4 d6 5. Be3 Nf6 6. f3 O-O 7. Qd2 Nbd7 8. Nge2 e5 9. d5 Nb6 10. Nc1 cxd5 11. cxd5 Bd7 12. Nb3 Na4 13. Be2 Nxc3 14. bxc3 a6 15. O-O Nh5 16. Rac1 f5 17. c4 fxe4 18. fxe4 Nf6 19. Bf3 Bg4 20. c5 Bxf3 21. gxf3 Nh5 22. cxd6 Nf4 23. Nc5 Qxd6 24. Nxb7 Qd7 25. Nc5 Qh3 26. Bxf4 Rxf4 27. Qg2 Qh5 28. Ne6 Rf6 29. Rc7 Bh6 30. Qg4 Rb8 31. Rc2 Be3+ 32. Kg2 Qh6 33. Rd1 g5 34. Rd3 Bf4 35. h3 Kh8 36. Rdc3 Rg8 37. Rc8 Qg6 38. Rxg8+ Qxg8 39. Nxf4 Rxf4 40. Qc8 Qxc8 41. Rxc8+ Kg7 42. Re8 Rf6 43. Rxe5 h6 44. Re7+ Kf8 45. Ra7 Rb6 46. Kg3 Ke8 47. h4 1-0

[Event "44.Semif. C. ITA Magistrale"]
[Site "Salsomaggiore Terme ITA"]
[Date "1984.02.25"]
[Round "2.13"]
[White "Passerotti, Pierluigi"]
[Black "Bellatalla, Emilio"]
[Result "1-0"]
[WhiteElo "2248"]
[BlackElo "1900"]
[Annotator "Gabriele Ballarin"]
[PlyCount "49"]
[EventDate "1984.11.24"]
[EventType "swiss"]
[EventRounds "9"]
[EventCountry "ITA"]

1. e4 c6 2. c4 d5 3. exd5 cxd5 4. cxd5 Nf6 5. Nc3 Nxd5 6. Nf3 e6 7. d4 Be7 8. Bd3 Nc6 9. O-O Bf6 10. Re1 Ndb4 11. Be4 Nxd4 12. Nxd4 Bxd4 13. Nb5 Bb6 14. Qh5 h6 15. Bf4 O-O 16. Bd6 Qf6 17. Re2 Na6 18. Bxf8 Kxf8 19. Nd6 Nc5 20. Nxc8 Rxc8 21. Rc1 Rd8 22. Qf3 Nxe4 23. Qxe4 Qg5 24. Rec2 Rd2 25. Qb4+ 1-0

[Event "44.Semif. C. ITA Magistrale"]
[Site "Salsomaggiore Terme ITA"]
[Date "1984.11.25"]
[Round "2.14"]
[White "Paoli, Enrico"]
[Black "Luciani, Carlo"]
[Result "1-0"]
[WhiteElo "2190"]
[BlackElo "2144"]
[Annotator "Gabriele Ballarin"]
[PlyCount "87"]
[EventDate "1984.11.24"]
[EventType "swiss"]
[EventRounds "9"]
[EventCountry "ITA"]
[SourceTitle "OM OTB 201609"]
[Source "Opening Master"]
[SourceDate "2016.09.17"]
[SourceVersion "5"]
[SourceVersionDate "2016.09.17"]
[SourceQuality "1"]

1. e4 e5 2. Nf3 Nc6 3. Bc4 Be7 4. O-O Nf6 5. d3 O-O 6. a3 d5 7. exd5 Nxd5 8. Nc3 Nxc3 9. bxc3 Bg4 10. h3 Bh5 11. Rb1 Bc5 12. Qe2 Re8 13. Rxb7 Bb6 14. Qe4 Na5 15. Ng5 Bg6 16. Bxf7+ Bxf7 17. Qxh7+ Kf8 18. Rxb6 axb6 19. Qh8+ Bg8 20. f4 e4 21. f5 Ke7 22. Qxg7+ Kd6 23. Qh6+ Kd7 24. Nxe4 Kc8 25. Bg5 Qd7 26. Nf6 Qf7 27. Nxe8 Qxe8 28. Qg7 Kb7 29. Bf4 Rc8 30. Bg3 Qf7 31. Qxf7 Bxf7 32. Bf4 Nc6 33. g4 Re8 34. Kf2 Kc8 35. h4 Kd7 36. h5 Rg8 37. Rg1 Ne7 38. h6 Rh8 39. Rh1 Rh7 40. Kg3 c6 41. Bg5 Ng8 42. Kf4 b5 43. Rh2 Bd5 44. c4 1-0

[Event "44.Semif. C. ITA Magistrale"]
[Site "Salsomaggiore Terme ITA"]
[Date "1984.02.25"]
[Round "2.15"]
[White "Rossi, Gianpiero"]
[Black "Anceschi, Vittorio"]
[Result "0-1"]
[WhiteElo "2014"]
[BlackElo "2192"]
[Annotator "Gabriele Ballarin"]
[PlyCount "118"]
[EventDate "1984.11.24"]
[EventType "swiss"]
[EventRounds "9"]
[EventCountry "ITA"]

1. d4 Nf6 2. c4 e6 3. Nc3 Bb4 4. Qc2 c5 5. dxc5 Nc6 6. Nf3 Bxc5 7. a3 O-O 8. e3 a6 9. Be2 b6 10. O-O Bb7 11. b4 Be7 12. Bb2 Rc8 13. Rfd1 Qc7 14. Rac1 Na7 15. Ng5 Rfd8 16. Nce4 Nxe4 17. Nxe4 a5 18. Qc3 f6 19. Ng3 axb4 20. axb4 Nc6 21. b5 Ne5 22. Ba3 d5 23. Bxe7 Qxe7 24. Qd4 Nxc4 25. Bxc4 dxc4 26. Qxb6 Rxd1+ 27. Rxd1 c3 28. Ne2 c2 29. Rc1 e5 30. Qa5 Qd7 31. f3 Qd3 32. Kf2 h6 33. e4 Kh7 34. Qa2 Rc5 35. Qb2 Bc8 36. b6 Ba6 37. Ng3 Qd2+ 38. Kg1 Qe3+ 39. Kh1 Rc6 40. h3 Qd4 41. Qb3 Qd2 42. Qb2 Rc8 43. Kg1 Qd4+ 44. Qxd4 exd4 45. Kf2 d3 46. Ke3 Rb8 47. Nf1 Rxb6 48. Nd2 Rb4 49. f4 Kg8 50. g3 Kf8 51. g4 Ke7 52. h4 Kd6 53. g5 Kc5 54. gxh6 gxh6 55. e5 fxe5 56. fxe5 Kd5 57. Nf3 Rb1 58. Kd2 Rxc1 59. Kxc1 Ke4 0-1

[Event "44.Semif. C. ITA Magistrale"]
[Site "Salsomaggiore Terme ITA"]
[Date "1984.02.25"]
[Round "2.16"]
[White "Ventura, Franco"]
[Black "Gasser, Giorgio"]
[Result "1-0"]
[WhiteElo "2146"]
[BlackElo "2034"]
[Annotator "Gabriele Ballarin"]
[PlyCount "81"]
[EventDate "1984.11.24"]
[EventType "swiss"]
[EventRounds "9"]
[EventCountry "ITA"]

1. c4 Nf6 2. Nc3 d5 3. cxd5 Nxd5 4. Nf3 e6 5. g3 Be7 6. Bg2 O-O 7. O-O b6 8. Nxd5 exd5 9. d4 Bb7 10. Bf4 Nd7 11. Rc1 Rc8 12. Bh3 c5 13. Ne5 f5 14. dxc5 Rxc5 15. Qd2 Bf6 16. Nf3 g6 17. b4 Rxc1 18. Rxc1 Rf7 19. Bg2 Nf8 20. Ne5 Bxe5 21. Bxe5 Ne6 22. e3 Rd7 23. Rd1 Ba6 24. Bb2 Bc4 25. Qc3 Kf7 26. a3 Rc7 27. Qe5 Rd7 28. h4 h5 29. Bf3 Rd6 30. Rd2 d4 31. Bxd4 Nxd4 32. Rxd4 Rxd4 33. exd4 Qe7 34. Bc6 Kf8 35. Kg2 Kf7 36. Kf3 a5 37. Qxe7+ Kxe7 38. Kf4 Kf6 39. d5 axb4 40. axb4 Bd3 41. d6 1-0

[Event "44.Semif. C. ITA Magistrale"]
[Site "Salsomaggiore Terme ITA"]
[Date "1984.02.25"]
[Round "2.17"]
[White "Pienabarca, Nicola"]
[Black "Bellia, Fabrizio"]
[Result "0-1"]
[WhiteElo "1909"]
[BlackElo "2139"]
[Annotator "Gabriele Ballarin"]
[PlyCount "48"]
[EventDate "1984.11.24"]
[EventType "swiss"]
[EventRounds "9"]
[EventCountry "ITA"]

1. e4 e5 2. Nf3 d6 3. Nc3 Nf6 4. d4 Nbd7 5. h3 Be7 6. Be3 c6 7. a4 O-O 8. dxe5 dxe5 9. Bc4 Qc7 10. O-O Nc5 11. Qe2 Ncxe4 12. Nxe4 Nxe4 13. Bxa7 Rxa7 14. Qxe4 Bf6 15. Rfd1 g6 16. Qe3 Ra8 17. c3 Bf5 18. Rd2 Qe7 19. Re2 Rfe8 20. b3 b5 21. Bd3 e4 22. Qf4 Bxc3 23. Rc1 Qb4 24. Rcc2 exd3 0-1

[Event "44.Semif. C. ITA Magistrale"]
[Site "Salsomaggiore Terme ITA"]
[Date "1984.02.25"]
[Round "2.18"]
[White "Sani, Valentino"]
[Black "Minarelli, Guido"]
[Result "0-1"]
[WhiteElo "1914"]
[BlackElo "2102"]
[Annotator "Gabriele Ballarin"]
[PlyCount "106"]
[EventDate "1984.11.24"]
[EventType "swiss"]
[EventRounds "9"]
[EventCountry "ITA"]

1. e4 e5 2. Nf3 Nc6 3. Bb5 a6 4. Bxc6 dxc6 5. O-O Qd6 6. h3 Bd7 7. d4 exd4 8. Nxd4 O-O-O 9. Nb3 Qg6 10. Qf3 Bd6 11. Re1 f6 12. Bd2 Nh6 13. Bc3 Nf7 14. Kh1 Ng5 15. Qe3 Qh5 16. N1d2 Rde8 17. Qe2 Qh4 18. Nf3 Qxe4 19. Qxe4 Nxe4 20. Bd4 b6 21. Nbd2 Nxd2 22. Nxd2 c5 23. Be3 b5 24. Kg1 g5 25. c4 Rhg8 26. Rac1 b4 27. Nb3 Re5 28. Bd2 Rge8 29. Rxe5 Rxe5 30. Kf1 Kb7 31. f3 Kb6 32. Kf2 h5 33. Be3 g4 34. hxg4 hxg4 35. Bf4 Rf5 36. Bxd6 cxd6 37. Nd2 gxf3 38. gxf3 Rh5 39. Kg2 d5 40. cxd5 Rxd5 41. Nc4+ Kb5 42. b3 Be6 43. Re1 Rg5+ 44. Kf2 Bxc4 45. bxc4+ Kxc4 46. Re6 Rd5 47. Rxa6 Rd2+ 48. Ke3 Rd3+ 49. Ke4 Ra3 50. Rxf6 Rxa2 51. f4 b3 52. Rb6 Ra4 53. f5 Rb4 0-1

[Event "44.Semif. C. ITA Magistrale"]
[Site "Salsomaggiore Terme ITA"]
[Date "1984.02.25"]
[Round "2.19"]
[White "Accorsini, Cesare"]
[Black "Pernisco, Ermanno"]
[Result "1-0"]
[WhiteElo "2035"]
[BlackElo "2010"]
[Annotator "Gabriele Ballarin"]
[PlyCount "67"]
[EventDate "1984.11.24"]
[EventType "swiss"]
[EventRounds "9"]
[EventCountry "ITA"]

1. Nf3 Nf6 2. c4 g6 3. g3 Bg7 4. Bg2 O-O 5. O-O d6 6. Nc3 Nc6 7. d3 e5 8. Rb1 a5 9. a3 h6 10. b4 axb4 11. axb4 Be6 12. b5 Ne7 13. Bb2 Qc8 14. Re1 Bh3 15. Bh1 Nh5 16. c5 d5 17. e4 d4 18. Nd5 Qd7 19. b6 Ra5 20. Qd2 Ra2 21. Nxc7 Nf4 22. Ra1 Rxb2 23. Qxb2 Nxd3 24. Qb5 Nxe1 25. Nxe1 Rc8 26. Qxd7 Bxd7 27. Ra7 Bc6 28. Nd3 Rd8 29. f3 f6 30. Bg2 Kf7 31. Kf2 Nc8 32. Ra8 Rf8 33. Bh3 Ne7 34. Be6# 1-0

[Event "44.Semif. C. ITA Magistrale"]
[Site "Salsomaggiore Terme ITA"]
[Date "1984.02.25"]
[Round "2.20"]
[White "Donatelli, Giovanni"]
[Black "Ruggeri, Pietro"]
[Result "1/2-1/2"]
[WhiteElo "1900"]
[BlackElo "1900"]
[Annotator "Gabriele Ballarin"]
[PlyCount "40"]
[EventDate "1984.11.24"]
[EventType "swiss"]
[EventRounds "9"]
[EventCountry "ITA"]

1. d4 d5 2. Nf3 Nf6 3. g3 e6 4. Bg2 Be7 5. O-O O-O 6. c4 c6 7. Nc3 Nbd7 8. b3 Ne4 9. Nxe4 dxe4 10. Ne5 f5 11. Bb2 Nxe5 12. dxe5 Qb6 13. Qc2 Bd7 14. Rac1 c5 15. Rcd1 Bc6 16. Rd2 Rad8 17. Rfd1 Rxd2 18. Rxd2 Rd8 19. Bc3 Rxd2 20. Qxd2 Qd8 1/2-1/2

[Event "44.Semif. C. ITA Magistrale"]
[Site "Salsomaggiore Terme ITA"]
[Date "1984.02.25"]
[Round "2.21"]
[White "Valguarnera, Girolamo"]
[Black "Fiore, Mario Angelo"]
[Result "0-1"]
[WhiteElo "1999"]
[BlackElo "1986"]
[Annotator "Gabriele Ballarin"]
[PlyCount "104"]
[EventDate "1984.11.24"]
[EventType "swiss"]
[EventRounds "9"]
[EventCountry "ITA"]

1. e4 e5 2. Nf3 Nc6 3. Be2 Nf6 4. d3 d5 5. exd5 Nxd5 6. O-O Be7 7. Re1 O-O 8. Bf1 Bf6 9. Nbd2 Re8 10. c3 Bg4 11. h3 Bh5 12. g4 Bg6 13. Ne4 Be7 14. Qc2 a5 15. Qb3 Qd7 16. Be3 a4 17. Qc2 f5 18. gxf5 Bxf5 19. Kh2 Rad8 20. b4 Nxe3 21. Rxe3 b5 22. Rae1 Bd6 23. Nh4 Be6 24. Rg3 Rf8 25. Bg2 Ne7 26. Rg1 Nf5 27. Nxf5 Rxf5 28. Bf3 Bf8 29. Ng5 Qxd3 30. Qxd3 Rxd3 31. Be4 Rxf2+ 32. R1g2 Rxg2+ 33. Rxg2 Bc4 34. Bxh7+ Kh8 35. Bxd3 Bxd3 36. Kg1 Bc4 37. a3 c5 38. Kf2 cxb4 39. cxb4 Bd5 40. Rg3 Be7 41. h4 Bd8 42. Rd3 Bb6+ 43. Kg3 Bd4 44. h5 Bc4 45. Rf3 Kg8 46. Kg4 Be2 47. Kf5 Bxf3 48. Nxf3 Bb2 49. Ke4 Bxa3 50. Kd3 Bxb4 51. Nxe5 a3 52. Kc2 a2 0-1

[Event "44.Semif. C. ITA Magistrale"]
[Site "Salsomaggiore Terme ITA"]
[Date "1984.02.25"]
[Round "2.22"]
[White "Pipitone, Antonio"]
[Black "Messa, Roberto"]
[Result "1/2-1/2"]
[WhiteElo "2048"]
[BlackElo "2337"]
[Annotator "Gabriele Ballarin"]
[PlyCount "43"]
[EventDate "1984.11.24"]
[EventType "swiss"]
[EventRounds "9"]
[EventCountry "ITA"]

1. e4 e6 2. d4 d5 3. Nd2 Nf6 4. e5 Nfd7 5. Bd3 c5 6. c3 Nc6 7. Ne2 cxd4 8. cxd4 f6 9. f4 fxe5 10. dxe5 Bc5 11. Nf3 O-O 12. Bxh7+ Kxh7 13. Ng5+ Kg8 14. Qd3 Bb4+ 15. Kd1 Rf5 16. Nxe6 Nc5 17. Qxf5 Bxe6 18. Qg6 d4 19. Ng3 d3 20. Nh5 Qe7 21. Nf6+ Kf8 22. Nh7+ 1/2-1/2

[Event "44.Semif. C. ITA Magistrale"]
[Site "Salsomaggiore Terme ITA"]
[Date "1984.02.25"]
[Round "2.23"]
[White "Luppi, Sergio Guido     "]
[Black "Magrin, Antonio"]
[Result "0-1"]
[WhiteElo "1988"]
[BlackElo "2116"]
[Annotator "Gabriele Ballarin"]
[PlyCount "124"]
[EventDate "1984.11.24"]
[EventType "swiss"]
[EventRounds "9"]
[EventCountry "ITA"]

1. Nf3 Nf6 2. g3 d5 3. Bg2 Bf5 4. b3 e6 5. Bb2 Nbd7 6. O-O Bd6 7. d3 O-O 8. Nbd2 e5 9. Qe1 Re8 10. e4 dxe4 11. dxe4 Bg6 12. a3 Nc5 13. Nh4 Bh5 14. Nf5 Bf8 15. f3 c6 16. Rd1 Qc7 17. Nc4 b5 18. Qa5 Qb8 19. Nce3 Ncxe4 20. fxe4 Bxd1 21. Nxd1 Qb6+ 22. Qxb6 axb6 23. b4 c5 24. c3 Rad8 25. Bc1 Rd3 26. Nfe3 Rc8 27. Nd5 Nxd5 28. exd5 f5 29. Nf2 Rxc3 30. Bb2 Re3 31. Nd1 Rd3 32. Bxe5 cxb4 33. axb4 Bxb4 34. Nb2 Rd2 35. Rd1 Rcc2 36. Rxd2 Rxd2 37. Bf3 g5 38. h3 Kf7 39. Kf1 Ke7 40. Nd1 Rd3 41. Ke2 Rd2+ 42. Ke3 Ra2 43. Kd3 Ra3+ 44. Ke2 Bc5 45. Bb2 Rb3 46. Be5 b4 47. Bh5 Ra3 48. Kd2 Ra2+ 49. Kd3 Rh2 50. Ne3 Bxe3 51. Kxe3 b3 52. Be2 f4+ 53. gxf4 gxf4+ 54. Kf3 Rxh3+ 55. Kxf4 Rh4+ 56. Kf5 Rh6 57. d6+ Rxd6 58. Bxd6+ Kxd6 59. Ke4 Kc5 60. Kd3 Kb4 61. Kd2 b2 62. Bd3 h5 0-1

[Event "44.Semif. C. ITA Magistrale"]
[Site "Salsomaggiore Terme ITA"]
[Date "1984.02.25"]
[Round "2.24"]
[White "Piccardo, Marco"]
[Black "Ricca, Roberto"]
[Result "0-1"]
[WhiteElo "2002"]
[BlackElo "1900"]
[Annotator "Gabriele Ballarin"]
[PlyCount "98"]
[EventDate "1984.11.24"]
[EventType "swiss"]
[EventRounds "9"]
[EventCountry "ITA"]

1. e4 e5 2. Nf3 Nc6 3. Bb5 f5 4. Nc3 fxe4 5. Nxe4 d5 6. Nxe5 dxe4 7. Nxc6 Qg5 8. Qe2 Nf6 9. Ne5+ c6 10. f4 Qxf4 11. d4 Qh4+ 12. g3 Qh3 13. Nxc6 a6 14. Ba4 Bd7 15. Ne5 Bxa4 16. Qc4 Bd7 17. Qf7+ Kd8 18. Qb3 Qe6 19. Nf7+ Ke8 20. Qxe6+ Bxe6 21. Nxh8 Rc8 22. c3 b5 23. O-O Be7 24. Bg5 Kd7 25. a4 b4 26. cxb4 Bxb4 27. Bxf6 gxf6 28. Rxf6 Rxh8 29. Kf2 Be7 30. Rf4 e3+ 31. Kxe3 Bg5 32. Ke4 Bxf4 33. gxf4 Bb3 34. Kd3 Rc8 35. Ra3 Bc2+ 36. Kd2 Bg6 37. b4 Rc2+ 38. Ke1 Rxh2 39. b5 axb5 40. axb5 Rb2 41. Ra5 Ke6 42. b6 Rxb6 43. Re5+ Kf6 44. Kf2 Rb4 45. Ke3 Rb3+ 46. Ke2 Bd3+ 47. Kf3 Bf5+ 48. Kf2 Bg4 49. Ra5 h5 0-1

[Event "44.Semif. C. ITA Magistrale"]
[Site "Salsomaggiore Terme ITA"]
[Date "1984.11.26"]
[Round "3.1"]
[White "Mantovani, Renzo"]
[Black "Tirabassi, Maurizio"]
[Result "1/2-1/2"]
[WhiteElo "2146"]
[BlackElo "2117"]
[Annotator "Gabriele Ballarin"]
[PlyCount "20"]
[EventDate "1984.11.24"]
[EventType "swiss"]
[EventRounds "9"]
[EventCountry "ITA"]

1. e4 c5 2. Nc3 e6 3. Nf3 Nc6 4. d4 cxd4 5. Nxd4 Qc7 6. g3 Nf6 7. Bg2 a6 8. O-O Be7 9. h3 d6 10. Kh1 Bd7 1/2-1/2

[Event "44.Semif. C. ITA Magistrale"]
[Site "Salsomaggiore Terme ITA"]
[Date "1984.02.26"]
[Round "3.2"]
[White "Passerotti, Pierluigi"]
[Black "Paoli, Enrico"]
[Result "0-1"]
[WhiteElo "2248"]
[BlackElo "2190"]
[Annotator "Gabriele Ballarin"]
[PlyCount "96"]
[EventDate "1984.11.24"]
[EventType "swiss"]
[EventRounds "9"]
[EventCountry "ITA"]

1. e4 e5 2. Nf3 Nf6 3. Nxe5 d6 4. Nf3 Nxe4 5. Nc3 Nxc3 6. dxc3 Nd7 7. Be3 Be7 8. Qd2 Nb6 9. O-O-O Be6 10. b3 Nd5 11. Bd4 Bf6 12. c4 Nb6 13. Qf4 Nd7 14. g4 Bxd4 15. Rxd4 Qf6 16. Bg2 Qxf4+ 17. Rxf4 h6 18. Ne1 g5 19. Rd4 O-O-O 20. f4 gxf4 21. Rxf4 Rdg8 22. h3 h5 23. gxh5 Rxh5 24. Bf3 Rh6 25. h4 Ne5 26. Be4 c6 27. Nf3 Rg4 28. Rxg4 Nxg4 29. Rf1 Kd7 30. Kd2 Ne5 31. Rh1 f5 32. Nxe5+ dxe5 33. Bg2 Ke7 34. a4 Kf6 35. a5 a6 36. Kc3 Rg6 37. Rh2 Rh6 38. Kb4 e4 39. Kc5 Ke5 40. Kb6 Rh7 41. Bf1 f4 42. b4 f3 43. b5 cxb5 44. cxb5 axb5 45. Bxb5 e3 46. h5 Kf4 47. h6 Bg4 48. Bd3 e2 0-1

[Event "44.Semif. C. ITA Magistrale"]
[Site "Salsomaggiore Terme ITA"]
[Date "1984.02.26"]
[Round "3.3"]
[White "Anceschi, Vittorio"]
[Black "Primavera, Roberto"]
[Result "1/2-1/2"]
[WhiteElo "2192"]
[BlackElo "2153"]
[Annotator "Gabriele Ballarin"]
[PlyCount "49"]
[EventDate "1984.11.24"]
[EventType "swiss"]
[EventRounds "9"]
[EventCountry "ITA"]

1. e4 c5 2. Nf3 g6 3. d4 Bg7 4. Be2 cxd4 5. Nxd4 Nc6 6. Be3 Nf6 7. Nc3 O-O 8. f4 Nxd4 9. Bxd4 d6 10. O-O Qa5 11. Kh1 e5 12. fxe5 dxe5 13. b4 Qxb4 14. Bxe5 Nxe4 15. Bxg7 Kxg7 16. Nxe4 Qxe4 17. Bf3 Qa4 18. Rb1 Be6 19. Rxb7 Rab8 20. Qa1+ Kg8 21. Re7 Rfe8 22. Rc7 Rec8 23. Rxc8+ Rxc8 24. Qf6 Qc4 25. Rd1 1/2-1/2

[Event "44.Semif. C. ITA Magistrale"]
[Site "Salsomaggiore Terme ITA"]
[Date "1984.02.26"]
[Round "3.4"]
[White "Benedetti, Fabrizio"]
[Black "Ventura, Franco"]
[Result "1/2-1/2"]
[WhiteElo "2094"]
[BlackElo "2146"]
[Annotator "Gabriele Ballarin"]
[PlyCount "44"]
[EventDate "1984.11.24"]
[EventType "swiss"]
[EventRounds "9"]
[EventCountry "ITA"]

1. e4 e6 2. d4 d5 3. Nd2 c5 4. exd5 exd5 5. Ngf3 c4 6. Be2 Bd6 7. O-O Ne7 8. Re1 Nbc6 9. Nf1 O-O 10. Bg5 f6 11. Bh4 Ng6 12. Bg3 Nf4 13. Bxf4 Bxf4 14. g3 Bh6 15. b3 cxb3 16. axb3 Bg4 17. Nh4 Bxe2 18. Qxe2 g6 19. Nf3 Qd7 20. Ne3 Bxe3 21. Qxe3 Rae8 22. Qd3 Rxe1+ 1/2-1/2

[Event "44.Semif. C. ITA Magistrale"]
[Site "Salsomaggiore Terme ITA"]
[Date "1984.02.26"]
[Round "3.5"]
[White "Pederzoli, Sergio"]
[Black "Pecci, Pierluigi"]
[Result "1/2-1/2"]
[WhiteElo "1937"]
[BlackElo "2017"]
[Annotator "Gabriele Ballarin"]
[PlyCount "93"]
[EventDate "1984.11.24"]
[EventType "swiss"]
[EventRounds "9"]
[EventCountry "ITA"]

1. e4 c5 2. Nf3 d6 3. d4 cxd4 4. Nxd4 Nf6 5. Nc3 a6 6. h3 g6 7. Be3 Bg7 8. Be2 O-O 9. a4 b6 10. Bf3 Bb7 11. O-O e5 12. Nb3 Qc7 13. Qd2 Nc6 14. Rfd1 Rfd8 15. Bg5 Nb4 16. a5 Rac8 17. axb6 Qxb6 18. Na4 Qb5 19. Be2 Nxe4 20. Bxb5 Nxd2 21. Nxd2 f6 22. Bc4+ d5 23. Bb3 fxg5 24. c3 Nd3 25. Ne4 Nf4 26. Nec5 Bc6 27. Nxa6 Kh8 28. Nb6 d4 29. Nxc8 Rxc8 30. Nb4 Bxg2 31. cxd4 exd4 32. Re1 Bf6 33. Ra6 Kg7 34. Ra7+ Kh6 35. Rf7 Rb8 36. Rxf6 Rxb4 37. Bg8 Bxh3 38. Re7 Kh5 39. Rxf4 gxf4 40. Rxh7+ Kg4 41. Be6+ Kg5 42. Bxh3 Rxb2 43. Rd7 Rb1+ 44. Kg2 Rd1 45. Rd8 Kf6 46. Bg4 Rd2 47. Rd5 1/2-1/2

[Event "44.Semif. C. ITA Magistrale"]
[Site "Salsomaggiore Terme ITA"]
[Date "1984.11.26"]
[Round "3.6"]
[White "Bellia, Fabrizio"]
[Black "Laco, Giuseppe"]
[Result "1-0"]
[WhiteElo "2139"]
[BlackElo "2146"]
[Annotator "Gabriele Ballarin"]
[PlyCount "49"]
[EventDate "1984.11.24"]
[EventType "swiss"]
[EventRounds "9"]
[EventCountry "ITA"]

1. e4 c5 2. Nf3 e6 3. Nc3 a6 4. d4 cxd4 5. Nxd4 Qc7 6. Be2 Bb4 7. O-O Nf6 8. Qd3 d5 9. Bg5 Bxc3 10. Bxf6 Bxd4 11. Bxd4 e5 12. Qg3 Nc6 13. Qxg7 Nxd4 14. Qxh8+ Ke7 15. Bd3 dxe4 16. Bxe4 Bf5 17. Qxa8 Bxe4 18. Rae1 Bxc2 19. Qh8 Nc6 20. Re3 Qd6 21. Rfe1 f6 22. Qg7+ Ke6 23. Qxb7 Ne7 24. Ra3 Bd3 25. Qb3+ 1-0

[Event "44.Semif. C. ITA Magistrale"]
[Site "Salsomaggiore Terme ITA"]
[Date "1984.02.26"]
[Round "3.7"]
[White "Palmiotto, Fiorentino"]
[Black "Amovilli, Mauro"]
[Result "1/2-1/2"]
[WhiteElo "2067"]
[BlackElo "2082"]
[Annotator "Gabriele Ballarin"]
[PlyCount "44"]
[EventDate "1984.11.24"]
[EventType "swiss"]
[EventRounds "9"]
[EventCountry "ITA"]

1. d4 d5 2. Nf3 c6 3. g3 Bg4 4. Ne5 Bh5 5. Bg2 e6 6. Nd2 f5 7. Ndf3 Nf6 8. h3 Bxf3 9. exf3 Bd6 10. f4 O-O 11. O-O Nbd7 12. Kh2 Nb6 13. Qe2 Qe7 14. b3 c5 15. dxc5 Bxc5 16. Bb2 Rac8 17. Nd3 Bd6 18. Rfe1 Rfe8 19. Bd4 Rc6 20. c3 Ne4 21. Rac1 Rec8 22. Bxe4 dxe4 1/2-1/2

[Event "44.Semif. C. ITA Magistrale"]
[Site "Salsomaggiore Terme ITA"]
[Date "1984.02.26"]
[Round "3.8"]
[White "Bonugli, Carlo"]
[Black "Lantini, Marco"]
[Result "0-1"]
[WhiteElo "1921"]
[BlackElo "2017"]
[Annotator "Gabriele Ballarin"]
[PlyCount "44"]
[EventDate "1984.11.24"]
[EventType "swiss"]
[EventRounds "9"]
[EventCountry "ITA"]

1. e4 c5 2. Nf3 e6 3. d4 cxd4 4. Nxd4 a6 5. Bd3 Nf6 6. Nc3 d6 7. Be3 Be7 8. Nb3 b5 9. a3 Bb7 10. f3 Nc6 11. O-O Ne5 12. Qe2 O-O 13. h3 Nh5 14. Rfd1 Ng6 15. Qe1 Bh4 16. Bf2 Nhf4 17. Ne2 Qg5 18. Ng3 Ne5 19. Kh1 f5 20. Bf1 Nxh3 21. gxh3 Nxf3 22. Qe2 Bxg3 0-1